LEADER 02795nam 2200589Ia 450 001 9910299553403321 005 20200520144314.0 010 $a3-642-12233-7 024 7 $a10.1007/978-3-642-12233-0 035 $a(CKB)2670000000423185 035 $a(SSID)ssj0000987911 035 $a(PQKBManifestationID)11942351 035 $a(PQKBTitleCode)TC0000987911 035 $a(PQKBWorkID)10946825 035 $a(PQKB)10223487 035 $a(MiAaPQ)EBC1398689 035 $a(DE-He213)978-3-642-12233-0 035 $z(PPN)258860138 035 $a(PPN)172424933 035 $a(EXLCZ)992670000000423185 100 $a20111102d2014 uy 0 101 0 $aeng 135 $aurcn||||||||| 181 $ctxt 182 $cc 183 $acr 200 00$aEarly warning for geological disasters $escientific methods and current practice /$fFriedemann Wenzel, Jochen Zschau, editors 205 $a1st ed. 2014. 210 $aBerlin ;$aHeidelberg $cSpringer-Verlag$d2014 215 $axv, 379 p. $cill 225 0 $aAdvanced technologies in earth sciences 300 $aBibliographic Level Mode of Issuance: Monograph 311 $a3-642-42940-8 311 $a3-642-12232-9 320 $aIncludes bibliographical references. 330 $aThe past years have seen new technologies that could be utilized for early warning and real-time loss estimation. They include self-organizing sensor networks, new satellite imagery with high resolution, multi-sensor observational capacities, and crowd sourcing. From this and improved physical models, data processing and communication methodologies a significant step towards better early warning technologies has been achieved by research. At the same time, early warning systems became part of the disaster management practice for instance in Japan and Indonesia. This book marks the important point where: Research activities continue to improve early warning Experience with applications is expanding At this critical point in development of early warning for geological disasters it is timely to provide a volume that documents the state-of-the-art, provides an overview on recent developments and serves as knowledge resource for researcher and practitioners. 410 0$aAdvanced Technologies in Earth Sciences,$x2190-1635 606 $aNatural disaster warning systems 606 $aNatural disasters 615 0$aNatural disaster warning systems. 615 0$aNatural disasters. 676 $a550 676 $a526.1 701 $aWenzel$b F$g(Friedemann)$01763218 701 $aZschau$b Jochen$f1944-$0523579 801 0$bMiAaPQ 801 1$bMiAaPQ 801 2$bMiAaPQ 906 $aBOOK 912 $a9910299553403321 996 $aEarly warning for geological disasters$94203541 997 $aUNINA